L'art rhétorique : Petit manuel pour un usage éclairé de la parole (notice n° 1566270)
[ vue normale ]
| 000 -LEADER | |
|---|---|
| fixed length control field | 01492cam a2200133 4500500 |
| 005 - DATE AND TIME OF LATEST TRANSACTION | |
| control field | 20251214001521.0 |
| 041 ## - LANGUAGE CODE | |
| Language code of text/sound track or separate title | fre |
| 042 ## - AUTHENTICATION CODE | |
| Authentication code | dc |
| 100 10 - MAIN ENTRY--PERSONAL NAME | |
| Personal name | Dross, Juliette |
| Relator term | author |
| 245 00 - TITLE STATEMENT | |
| Title | L'art rhétorique : Petit manuel pour un usage éclairé de la parole |
| 260 ## - PUBLICATION, DISTRIBUTION, ETC. | |
| Name of publisher, distributor, etc. | Armand Colin,<br/> |
| Date of publication, distribution, etc. | 2023.<br/> |
| 520 ## - SUMMARY, ETC. | |
| Summary, etc. | La rhétorique est un art, au sens antique du terme, c’est-à-dire une technique, un savoir-faire comprenant une théorie et une pratique. Elle confère la capacité de maîtriser son discours, dans quelque situation que ce soit, mais aussi celle de décrypter les discours d’autrui. En ce sens, elle est à la fois une compétence transversale indispensable et un puissant outil de développement de l’esprit critique. L’enjeu de ce livre est d’expliquer le système rhétorique pour permettre à chacun de faire un usage éclairé de la parole et de devenir à la fois un bon orateur, un débatteur ouvert à la contradiction et un auditeur vigilant. Reposant sur une articulation constante entre la théorie et la pratique grâce à de nombreuses analyses de discours et suggestions d’exercices, ce livre s’adresse à un large public. Dans le contexte actuel des débats sur la place de l’oral dans le système éducatif français, il contribue également à la réflexion sur le statut de la parole et de son apprentissage dans notre société. |
| 856 41 - ELECTRONIC LOCATION AND ACCESS | |
| Uniform Resource Identifier | <a href="https://shs.cairn.info/l-art-rhetorique--9782200635183?lang=fr&redirect-ssocas=7080">https://shs.cairn.info/l-art-rhetorique--9782200635183?lang=fr&redirect-ssocas=7080</a> |
Pas d'exemplaire disponible.




Réseaux sociaux